000 00300nam a22001337a 4500
008 170421b xxu||||| |||| 00| 0 eng d
020 _a0781710025
041 _aeng
080 _24TH
_a573
100 _a11
101 _aSHM
245 _aCELL BIOLOGY AND HISTOLOGY
_cGARTNER, L.P
942 _2udc
_cBK
999 _c11448
_d11448